Organizational Psychology (Record no. 6048)
[ view plain ]
| 000 -LEADER | |
|---|---|
| fixed length control field | 00242nam a2200097Ia 4500 |
| 008 - FIXED-LENGTH DATA ELEMENTS--GENERAL INFORMATION | |
| fixed length control field | 201216s9999 xx 000 0 und d |
| 100 ## - MAIN ENTRY--PERSONAL NAME | |
| Personal name | Schein, Edgar H. |
| 245 #0 - TITLE STATEMENT | |
| Title | Organizational Psychology |
| 260 ## - PUBLICATION, DISTRIBUTION, ETC. | |
| Place of publication, distribution, etc. | New Delhi |
| Name of publisher, distributor, etc. | Prentice Hall |
| 300 ## - PHYSICAL DESCRIPTION | |
| Extent | 274 |
| Withdrawn status | Lost status | Damaged status | Not for loan | Permanent Location | Date acquired | Full call number | Barcode | Date last seen | Price effective from |
|---|---|---|---|---|---|---|---|---|---|
| IMU Kolkata | 2020-12-16 | 158.7 S319 | PM01019 | 2020-12-16 | 2020-12-16 |